| 000 | 00422nam a22001457a 4500 | ||
|---|---|---|---|
| 008 | 250709b |||||||| |||| 00| 0 eng d | ||
| 020 | _a9780670920372 | ||
| 050 |
_aHB3717 _b.M35 |
||
| 100 | _aMclean Bethany | ||
| 245 | _aAu the Devils Are Here: The Hidden History of Financial Crisis | ||
| 260 |
_aN.P _bPenguin Groups _c2010 |
||
| 300 |
_axviii, 380p. _bill. |
||
| 650 | _aGlobal Financial Crisis, 2008-2009 | ||
| 942 | _cBK | ||
| 999 |
_c4229 _d4229 |
||